000 00381nam a2200133Ia 4500
008 230312s9999||||xx |||||||||||||| ||und||
082 _a657.45
_bAUD
245 0 _aAudit in Banks-Philosophy and Techniques
260 _bInstitute of Bankers Pakistan
_aKarachi
_c1996
300 _a352
546 _aEng.
650 _aAccounting
_vAudit in Banks-Philosophy and Techniques
942 _cBK
999 _c1128
_d1128